Villes hanséatiques par images - Statistiques

Statistiques générales
  • Ce quiz a été pris 19 fois
  • Le résultat moyen est 6 sur 18
Statistiques - réponses
Par images Réponse % Correct
Hambourg
89%
Brême
72%
Cologne
61%
Stockholm
61%
Dantzig
44%
Lübeck
39%
Riga
33%
Dortmund
28%
Reval
28%
Rostock
22%
Visby
22%
Königsberg
17%
Braunschweig
6%
Breslau
6%
Erfurt
6%
Greifswald
6%
Stralsund
6%
Wismar
6%
Aucun quiz correspondant
Distribution des résultats
% des personnes avec chaque résultat
Percentile par nombre de réponses
Votre historique - résultats
Vous n’avez pas pris ce quiz